MARC

LEADER 00000nbm0a2200000 4500
001 135512
005 20240312153330.0
035 |a (RuTPU)RU\TPU\book\146866 
090 |a 135512 
100 |a 20080411d1970 k y0rusy50 ca 
101 0 |a rus 
102 |a RU 
105 |a a m 001zy 
200 1 |a Исследование по определению щелочных, щелочно-земельных и редкоземельных элементов АПН  |e диссертация на соискание ученой степени кандидата химических наук  |f В. К. Иванов  |g Томский политехнический институт (ТПИ) ; науч. рук. А. Г. Стромберг, А. А. Каплин 
210 |a Томск  |d 1970 
215 |a 145 л.  |c ил. 
320 |a Библиогр.: с. 114-127 (305 назв.) 
606 |a Электрохимический анализ  |2 stltpush  |3 (RuTPU)RU\TPU\subj\21012  |9 46064 
610 1 |a диссертации 
610 1 |a редкоземельные элементы 
610 1 |a щелочно-земельные металлы 
610 1 |a электродные процессы 
610 1 |a физико-химические свойства 
610 1 |a электроотрицательные элементы 
610 1 |a аппаратура 
610 1 |a экспериментальное исследование 
610 1 |a аналитическое применение 
610 1 |a труды учёных ТПУ 
610 1 |a щелочные элементы 
610 1 |a амальгамная полярография 
675 |a 543.55(04)  |v 3 
700 1 |a Иванов  |b В. К. 
702 1 |a Стромберг  |b А. Г.  |c химик, специалист в области классической полярографии и инверсионной вольтамперометрии  |c профессор Томского политехнического института  |f 1910-2004  |g Армин Генрихович  |3 (RuTPU)RU\TPU\pers\11188  |4 340  |9 2478 
702 1 |a Каплин  |b А. А.  |c российский химик  |c профессор кафедры аналитической химии Томского политехнического института  |f 1937-1989  |g Анатолий Александрович  |3 (RuTPU)RU\TPU\pers\19797  |4 727  |9 7735 
712 0 2 |a Томский политехнический институт (ТПИ)  |c (1944-1991)  |3 (RuTPU)RU\TPU\col\1123 
801 1 |a RU  |b 63413507  |c 20080411  |g PSBO 
801 2 |a RU  |b 63413507  |c 20160425  |g RCR 
942 |c BK